Những người khốn khổ Sách song ngữ T.3 Gavroche
v.v...
Đã lưu trong:
| Tác giả chính: | |
|---|---|
| Định dạng: | Sách |
| Năm xuất bản: |
H.
Giáo dục
1997
|
| Chủ đề: | |
| Tags: |
Thêm thẻ
Không có thẻ, Hãy là người đầu tiên gắn thẻ bản ghi này!
|
| LEADER | 01236nam a2200217 4500 | ||
|---|---|---|---|
| 082 | |a 843 |b H500G | ||
| 100 | |a Hugo, Victor | ||
| 245 | |a Những người khốn khổ |c Victor Hugo; Phạm Nguyên Phẩm dịch |n T.3 |p Gavroche |b Sách song ngữ | ||
| 260 | |a H. |b Giáo dục |c 1997 | ||
| 300 | |a 135 tr. |c 21 cm. | ||
| 520 | |a v.v... | ||
| 653 | |a Văn học hiện đại | ||
| 653 | |a Pháp | ||
| 653 | |a Tiểu thuyết | ||
| 942 | |2 ddc |c STK0 | ||
| 999 | |c 3431 |d 3431 | ||
| 952 | |0 0 |1 0 |2 ddc |4 0 |6 843_000000000000000_H500G |7 1 |8 800 |9 36556 |a qbu |b qbu |c D5 |d 2014-12-16 |g 5800 |o 843 H500G |p 557.c1 |r 0000-00-00 |w 2014-12-16 |y STK0 | ||
| 952 | |0 0 |1 0 |2 ddc |4 0 |6 843_000000000000000_H500G |7 0 |8 800 |9 36557 |a qbu |b qbu |c D5 |d 2014-12-16 |g 5800 |l 2 |o 843 H500G |p 557.c2 |r 2016-11-25 |s 2016-11-14 |w 2014-12-16 |y STK0 | ||
| 952 | |0 0 |1 0 |2 ddc |4 0 |6 843_000000000000000_H500G |7 0 |8 800 |9 36558 |a qbu |b qbu |c D5 |d 2014-12-16 |g 5800 |o 843 H500G |p 557.c3 |r 0000-00-00 |w 2014-12-16 |y STK0 | ||
| 952 | |0 0 |1 0 |2 ddc |4 0 |6 843_000000000000000_H500G |7 0 |8 800 |9 36559 |a qbu |b qbu |c D5 |d 2014-12-16 |g 5800 |l 1 |o 843 H500G |p 557.c4 |r 2016-03-15 |s 2016-03-04 |w 2014-12-16 |y STK0 | ||
| 952 | |0 0 |1 0 |2 ddc |4 0 |6 843_000000000000000_H500G |7 0 |8 800 |9 36560 |a qbu |b qbu |c D5 |d 2014-12-16 |g 5800 |o 843 H500G |p 557.c5 |r 0000-00-00 |w 2014-12-16 |y STK0 | ||